000 00591nam a22001937a 4500
999 _c7718
_d7718
003 AR-CdUCM
008 190321b ||||| |||| 00| 0 eng d
040 _aMUNICIPALIDAD PROVINCIAL DEL CUSCO
_cBIBLIOTECA MUNICIPAL DEL CUSCO
082 _a423 /
_bC97
100 _aCuyas, Arturo
_921805
245 _aSpanish - english dictionary /
260 _aNew York :
_bAppleton,
_c1940.
300 _a539 páginas ;
_c21 cm.
505 _aContenido : Diccionario español - inglés.
650 _aDiccionario
_95196
650 _aEspañol - inglés
_921806
942 _2ddc
_cLIBROS
945 _arah